[Event "4. Copenhagen Open Politiken Cup"]
[Site "Brndby"]
[Date "1982.??.??"]
[Round "3"]
[White "Cox, John J"]
[Black "Brinck Claussen, Bjorn"]
[Result "1/2-1/2"]
[WhiteElo "2285"]
[BlackElo "2380"]
[PlyCount "178"]
[EventDate "1982.??.??"]
[EventType "swiss"]
[EventRounds "10"]
[EventCountry "DEN"]
[SourceDate "2004.01.01"]

1. e4 d5 2. exd5 Qxd5 3. Nc3 Qa5 4. d4 Nf6 5. Bc4 c6 6. Nge2 Bf5 7. O-O e6 8.
Ng3 Bg6 9. Nce2 Bd6 10. Nf4 Nbd7 11. c3 Qc7 12. Qf3 Nb6 13. Bb3 Nbd5 14. Nxg6
hxg6 15. c4 Ne7 16. c5 Bxg3 17. fxg3 Qd7 18. Rd1 Nf5 19. Bf4 Nd5 20. g4 Nh4 21.
Qf2 Nxf4 22. Qxf4 Qe7 23. Rd3 g5 24. Qf2 Ng6 25. g3 O-O-O 26. Rf1 Rd7 27. Qe3
Rh3 28. Qe4 Qe8 29. Rdf3 Nf8 30. Qe5 f6 31. Qe4 Kb8 32. Re1 Qd8 33. Rd3 g6 34.
Bd1 Rdh7 35. Rd2 Qa5 36. Ree2 Qxa2 37. Qf3 f5 38. gxf5 gxf5 39. Bb3 Qa1+ 40.
Rd1 Qa5 41. Qe3 f4 42. Qe5+ Qc7 43. Rf2 Qxe5 44. dxe5 Kc7 45. Bc4 R3h6 46. Rd4
Nd7 47. gxf4 gxf4 48. Rdxf4 Nxe5 49. Be2 Rg7+ 50. Rg2 Rxg2+ 51. Kxg2 Nd7 52. b4
b6 53. cxb6+ axb6 54. h4 Nf6 55. b5 Nd5 56. Rf7+ Kd6 57. Kg3 cxb5 58. Bxb5 Ke5
59. Rb7 Rg6+ 60. Kf3 Rf6+ 61. Kg4 Rf4+ 62. Kg3 Nf6 63. Bd3 Rb4 64. Bc2 Rg4+ 65.
Kf3 Rc4 66. Bg6 Rf4+ 67. Ke2 Nd5 68. h5 Rh4 69. Kd2 Kd4 70. Bf7 Rh2+ 71. Ke1
Nf4 72. Rxb6 Nd3+ 73. Kd1 e5 74. Bg6 e4 75. Bxe4 Nf2+ 76. Ke2 Nxe4+ 77. Kf3
Rh3+ 78. Kf4 Rxh5 79. Ra6 Nc3 80. Ra8 Re5 81. Ra7 Nd5+ 82. Kg4 Ne3+ 83. Kf3
Rf5+ 84. Ke2 Nc4 85. Ra8 Rf7 86. Rd8+ Ke4 87. Re8+ Ne5 88. Kd2 Rf3 89. Kc2 Kd4
1/2-1/2

[Event "4. Copenhagen Open Politiken Cup"]
[Site "Brndby"]
[Date "1982.??.??"]
[Round "3"]
[White "Cramling, Dan"]
[Black "Portisch, Ferenc"]
[Result "0-1"]
[WhiteElo "2345"]
[BlackElo "2410"]
[PlyCount "78"]
[EventDate "1982.??.??"]
[EventType "swiss"]
[EventRounds "10"]
[EventCountry "DEN"]
[SourceDate "2004.01.01"]

1. c4 g6 2. e4 Bg7 3. d4 d6 4. Nc3 Nf6 5. Nf3 O-O 6. Be3 Nbd7 7. Nd2 c5 8. d5
e6 9. Be2 Re8 10. O-O exd5 11. cxd5 a6 12. a4 b6 13. f3 Rb8 14. Kh1 h6 15. Nc4
Ne5 16. Nxe5 Rxe5 17. Qd2 Kh7 18. Bd3 Re8 19. Rae1 Qd7 20. Qe2 Ra8 21. Bc4 Qe7
22. Qd2 Bd7 23. Rb1 Reb8 24. Qe2 Bc8 25. Qd3 Kh8 26. Rbe1 Ra7 27. Bg1 Nh5 28.
f4 Qh4 29. g3 Qh3 30. e5 Bf5 31. Qf3 dxe5 32. fxe5 Re8 33. a5 b5 34. Bd3 Bxd3
35. Qxd3 Rxe5 36. Rxe5 Bxe5 37. Bxc5 Nxg3+ 38. Kg1 Nxf1 39. Bxa7 Qxd3 0-1

[Event "4. Copenhagen Open Politiken Cup"]
[Site "Brndby"]
[Date "1982.??.??"]
[Round "3"]
[White "Ernst, Thomas"]
[Black "Fedder, Steen"]
[Result "0-1"]
[WhiteElo "2355"]
[BlackElo "2420"]
[PlyCount "56"]
[EventDate "1982.??.??"]
[EventType "swiss"]
[EventRounds "10"]
[EventCountry "DEN"]
[SourceDate "2004.01.01"]

1. e4 c5 2. Nf3 d6 3. d4 cxd4 4. Nxd4 Nf6 5. Nc3 a6 6. Bg5 e6 7. f4 Qb6 8. Qd2
Qxb2 9. Rb1 Qa3 10. f5 Nc6 11. fxe6 fxe6 12. Nxc6 bxc6 13. e5 dxe5 14. Bxf6
gxf6 15. Ne4 Qxa2 16. Rd1 Be7 17. Bd3 O-O 18. O-O f5 19. Qh6 Rf7 20. Rf3 Bd7
21. Bf1 Rd8 22. Rg3+ Kh8 23. Qh5 Be8 24. Nd6 Rxd6 25. Rxd6 e4 26. Rxc6 Qa1 27.
h4 Rf8 28. Qh6 Qd4+ 0-1

[Event "4. Copenhagen Open Politiken Cup"]
[Site "Brndby"]
[Date "1982.??.??"]
[Round "3"]
[White "Fries Nielsen, Jens Ove"]
[Black "Cramling, Pia"]
[Result "1/2-1/2"]
[WhiteElo "2355"]
[BlackElo "2260"]
[PlyCount "92"]
[EventDate "1982.??.??"]
[EventType "swiss"]
[EventRounds "10"]
[EventCountry "DEN"]
[SourceDate "2004.01.01"]

1. g3 Nf6 2. Bg2 d5 3. Nf3 c5 4. d3 Nc6 5. O-O e6 6. Nbd2 Be7 7. e4 b6 8. Re1
Qc7 9. a3 Bb7 10. c3 O-O-O 11. Qe2 h6 12. b4 g5 13. bxc5 Bxc5 14. Nb3 Be7 15.
exd5 Nxd5 16. Bb2 g4 17. Nfd4 h5 18. c4 Nf6 19. Nb5 Qd7 20. d4 a6 21. d5 axb5
22. cxb5 Nxd5 23. Rac1 Rhe8 24. Be5 Bd6 25. Nd4 Bc5 26. bxc6 Bxc6 27. Nxc6 Qxc6
28. Qa6+ Qb7 29. Qb5 Re7 30. a4 Rdd7 31. a5 Kd8 32. Bf6 Qa7 33. Bxe7+ Kxe7 34.
axb6 Bxb6 35. Bxd5 Bxf2+ 36. Kg2 Bxe1 37. Rxe1 Qa3 38. Re2 h4 39. Bb3 h3+ 40.
Kf2 Qa7+ 41. Kf1 Qa1+ 42. Re1 Qc3 43. Qg5+ Kf8 44. Qh6+ Kg8 45. Qg5+ Kf8 46.
Qh6+ Kg8 1/2-1/2

[Event "4. Copenhagen Open Politiken Cup"]
[Site "Brndby"]
[Date "1982.??.??"]
[Round "3"]
[White "Gallmeyer, Peter"]
[Black "Welin, Thomas"]
[Result "1-0"]
[WhiteElo "2225"]
[BlackElo "2330"]
[PlyCount "65"]
[EventDate "1982.??.??"]
[EventType "swiss"]
[EventRounds "10"]
[EventCountry "DEN"]
[SourceDate "2004.01.01"]

1. d4 Nf6 2. c4 g6 3. Nc3 d5 4. Nf3 Bg7 5. Bg5 Ne4 6. cxd5 Nxg5 7. Nxg5 e6 8.
Qd2 exd5 9. Qe3+ Kf8 10. Qf4 Bf6 11. h4 h6 12. Nf3 Be6 13. O-O-O c6 14. e4 dxe4
15. Nxe4 Nd7 16. Ne5 Kg7 17. Nxd7 Bxd7 18. Bc4 Rf8 19. Nd6 b5 20. Bb3 a5 21.
Kb1 a4 22. Bc2 h5 23. Rd3 Be6 24. Rg3 b4 25. Re1 b3 26. Bxg6 bxa2+ 27. Ka1 fxg6
28. Rxe6 a3 29. bxa3 Qb6 30. Nf5+ Kf7 31. Rxf6+ Kxf6 32. Qe5+ Kf7 33. Nh6# 1-0

[Event "4. Copenhagen Open Politiken Cup"]
[Site "Brndby"]
[Date "1982.??.??"]
[Round "3"]
[White "Gulbrandsen, Arne Vinje"]
[Black "Taulbut, Shaun M"]
[Result "1/2-1/2"]
[WhiteElo "2370"]
[BlackElo "2435"]
[PlyCount "32"]
[EventDate "1982.??.??"]
[EventType "swiss"]
[EventRounds "10"]
[EventCountry "DEN"]
[SourceDate "2004.01.01"]

1. c4 Nf6 2. Nc3 e5 3. g3 Bb4 4. Bg2 O-O 5. e4 Bxc3 6. dxc3 d6 7. Ne2 Nbd7 8.
O-O Nc5 9. f3 Be6 10. b3 a5 11. Be3 Nfd7 12. Nd4 exd4 13. cxd4 a4 14. dxc5 Nxc5
15. Qc2 axb3 16. axb3 Qf6 1/2-1/2

[Event "4. Copenhagen Open Politiken Cup"]
[Site "Brndby"]
[Date "1982.??.??"]
[Round "3"]
[White "Hartung Nielsen, Jens"]
[Black "Laird, Craig"]
[Result "1/2-1/2"]
[WhiteElo "2240"]
[BlackElo "2340"]
[PlyCount "34"]
[EventDate "1982.??.??"]
[EventType "swiss"]
[EventRounds "10"]
[EventCountry "DEN"]
[SourceDate "2004.01.01"]

1. d4 d5 2. c4 dxc4 3. Nf3 a6 4. e3 b5 5. a4 Bb7 6. axb5 axb5 7. Rxa8 Bxa8 8.
b3 e6 9. bxc4 bxc4 10. Bxc4 Nf6 11. O-O Bd6 12. Nc3 O-O 13. Qe2 Nbd7 14. e4 Bb4
15. Na2 Be7 16. Nc3 Bb4 17. Na2 Be7 1/2-1/2

[Event "4. Copenhagen Open Politiken Cup"]
[Site "Brndby"]
[Date "1982.??.??"]
[Round "3"]
[White "Hvenekilde, Jorgen"]
[Black "Ermenkov, Evgeny"]
[Result "1/2-1/2"]
[WhiteElo "2285"]
[BlackElo "2460"]
[PlyCount "116"]
[EventDate "1982.??.??"]
[EventType "swiss"]
[EventRounds "10"]
[EventCountry "DEN"]
[SourceDate "2004.01.01"]

1. Nf3 g6 2. d4 Bg7 3. c4 d6 4. Nc3 Nd7 5. e4 e5 6. Be3 Nh6 7. Qd2 Ng4 8. Bg5
f6 9. Bh4 c6 10. Be2 O-O 11. h3 Nh6 12. g4 Nf7 13. Rd1 a5 14. dxe5 dxe5 15. Na4
Qe7 16. a3 Re8 17. O-O Nd8 18. Rfe1 Ne6 19. Bf1 Bf8 20. g5 fxg5 21. Bxg5 Nxg5
22. Qxg5 Qxg5+ 23. Nxg5 Nc5 24. Nb6 Rb8 25. Nxc8 Rbxc8 26. b4 axb4 27. axb4 Nb3
28. c5 Nd4 29. f4 b6 30. Bc4+ Kg7 31. cxb6 Bxb4 32. Rf1 Bc5 33. Kh1 Bxb6 34.
fxe5 Rc7 35. e6 c5 36. Rf7+ Rxf7 37. exf7 Rf8 38. e5 Bd8 39. Ne4 Be7 40. Rb1
Rd8 41. Rb7 Nf5 42. Be6 Bf8 43. Bxf5 gxf5 44. Ng5 Rc8 45. Ne6+ Kg6 46. Nxf8+
Rxf8 47. e6 Rc8 48. Rc7 Ra8 49. Rxc5 Kf6 50. Rxf5+ Ke7 51. Kg2 Kf8 52. Kg3 h6
53. Kg4 Ra4+ 54. Rf4 Ra8 55. Kh5 Ra5+ 56. Kg6 Re5 57. Rf6 h5 58. h4 Rxe6
1/2-1/2

[Event "4. Copenhagen Open Politiken Cup"]
[Site "Brndby"]
[Date "1982.??.??"]
[Round "3"]
[White "Jahr, Ulrich"]
[Black "Heinbuch, Detlef"]
[Result "0-1"]
[WhiteElo "2240"]
[BlackElo "2300"]
[PlyCount "109"]
[EventDate "1982.??.??"]
[EventType "swiss"]
[EventRounds "10"]
[EventCountry "DEN"]
[SourceDate "2004.01.01"]

1. e4 c5 2. Nf3 Nc6 3. d4 cxd4 4. Nxd4 Nf6 5. Nc3 d6 6. Bc4 e6 7. Be3 Be7 8.
Qe2 Bd7 9. O-O-O Rc8 10. Bb3 Na5 11. Ndb5 Nxb3+ 12. axb3 Qa5 13. f3 a6 14. Nd4
e5 15. Nf5 Bxf5 16. exf5 O-O 17. Kb1 d5 18. Bg5 Rxc3 19. bxc3 d4 20. c4 Ne4 21.
fxe4 Bxg5 22. Rhf1 Be7 23. Rd3 f6 24. g4 b5 25. Rh3 h6 26. c5 Qb4 27. Qe1 Qxc5
28. Qa5 Rc8 29. Rc1 Qc6 30. Rd3 Bc5 31. h4 Bb6 32. Qa2 Kh7 33. g5 Bc5 34. gxh6
Kxh6 35. b4 Bxb4 36. Qf7 Qe8 37. Qb7 Bc3 38. Rg1 Qf8 39. Rg6+ Kh7 40. Kc1 Qa3+
41. Kd1 Qa1+ 42. Ke2 Qe1+ 43. Kf3 Rg8 44. Qf7 Bd2 45. Rxd2 Qxd2 46. Rxf6 Qf4+
47. Ke2 Qxh4 48. Qg6+ Kh8 49. Rf7 Qxe4+ 50. Kd1 Qh1+ 51. Ke2 Qh6 52. Qg4 Rc8
53. Kd1 d3 54. c4 Rxc4 55. Rf8+ 0-1

[Event "4. Copenhagen Open Politiken Cup"]
[Site "Brndby"]
[Date "1982.??.??"]
[Round "3"]
[White "Jensen, Allan Astrup"]
[Black "Bellin, Robert"]
[Result "1-0"]
[WhiteElo "2245"]
[BlackElo "2410"]
[PlyCount "81"]
[EventDate "1982.??.??"]
[EventType "swiss"]
[EventRounds "10"]
[EventCountry "DEN"]
[SourceDate "2004.01.01"]

1. e4 c5 2. Nc3 Nc6 3. g3 g6 4. Bg2 Bg7 5. d3 d6 6. f4 e6 7. Nf3 Nge7 8. O-O
O-O 9. Rb1 b6 10. Nh4 f5 11. Be3 Rb8 12. Bf2 d5 13. e5 g5 14. Nf3 g4 15. Nd2
Bb7 16. a3 d4 17. Nb5 Na5 18. Bxb7 Nxb7 19. Nc4 Nc8 20. a4 a6 21. Nba3 Qd7 22.
c3 b5 23. axb5 axb5 24. Nd2 dxc3 25. bxc3 Qxd3 26. Nxb5 Nd8 27. Nc7 Rxb1 28.
Nxb1 Qc4 29. Qc2 Rf7 30. Nd2 Qe2 31. Re1 Qxe1+ 32. Bxe1 Rxc7 33. Qa4 Nc6 34.
Qc4 Kf7 35. Qxc5 Bf8 36. Qb5 N6a7 37. Qb3 Nb6 38. Bf2 Nd5 39. c4 Nb4 40. c5 Nd5
41. Qa4 1-0

[Event "4. Copenhagen Open Politiken Cup"]
[Site "Brndby"]
[Date "1982.??.??"]
[Round "3"]
[White "Jensen, Vagn"]
[Black "Moe, Mogens"]
[Result "0-1"]
[WhiteElo "2220"]
[BlackElo "2365"]
[PlyCount "68"]
[EventDate "1982.??.??"]
[EventType "swiss"]
[EventRounds "10"]
[EventCountry "DEN"]
[SourceDate "2004.01.01"]

1. e4 c5 2. d4 cxd4 3. c3 dxc3 4. Nxc3 Nc6 5. Nf3 d6 6. Bc4 e6 7. O-O Nf6 8.
Qe2 a6 9. Rd1 Qc7 10. Bf4 Nh5 11. Be3 Be7 12. Rac1 Bd7 13. Bb3 O-O 14. Nd5 exd5
15. exd5 Bf6 16. dxc6 bxc6 17. Ng5 g6 18. g4 Ng7 19. Qf3 Bxb2 20. Bxf7+ Kh8 21.
Qg3 Be8 22. Qh4 h5 23. gxh5 Nxh5 24. Bd4+ Bxd4 25. Qxd4+ Ng7 26. Bb3 Qe7 27.
Qh4+ Nh5 28. Re1 Qf6 29. Rcd1 d5 30. Rd4 Bd7 31. Bd1 Kg7 32. Bxh5 gxh5 33. Re3
Kh6 34. Rg3 Qxf2+ 0-1

[Event "4. Copenhagen Open Politiken Cup"]
[Site "Brndby"]
[Date "1982.??.??"]
[Round "3"]
[White "Johansen, Darryl Keith"]
[Black "Sahl, Bjarke"]
[Result "1/2-1/2"]
[WhiteElo "2275"]
[BlackElo "2380"]
[PlyCount "165"]
[EventDate "1982.??.??"]
[EventType "swiss"]
[EventRounds "10"]
[EventCountry "DEN"]
[SourceDate "2004.01.01"]

1. d4 d5 2. Nf3 Nf6 3. c4 c6 4. Nc3 dxc4 5. a4 Bg4 6. Ne5 Bh5 7. g3 e6 8. Bg2
a5 9. O-O Be7 10. h3 Nfd7 11. Nxc4 Na6 12. Qb3 Nb4 13. e4 O-O 14. Be3 f6 15. f4
Bf7 16. e5 f5 17. Rae1 Re8 18. Kh2 Nf8 19. Qd1 Qc7 20. Qe2 Rad8 21. Rc1 Rd7 22.
Rfd1 Qd8 23. Bf3 Kh8 24. Rg1 Ng6 25. Rcd1 Nf8 26. Bf2 Bg8 27. Be3 Nd5 28. Nxd5
exd5 29. Nd2 Ne6 30. Nb3 Rf8 31. Rc1 Qb6 32. Qd3 Bb4 33. Rc2 h6 34. Bd2 Bxd2
35. Rxd2 g5 36. Qe3 Qb4 37. Rc1 Qxa4 38. Nc5 Nxc5 39. Rxc5 Rg7 40. Rd3 Qa1 41.
Qf2 Be6 42. Ra3 Qb1 43. Qd2 Qf1 44. Bg2 Qa6 45. Rcxa5 Qb6 46. Ra8 Bc8 47. b4
Rfg8 48. Bf1 Rg6 49. Rb3 Kh7 50. Be2 R6g7 51. Qe3 Be6 52. Rxg8 Rxg8 53. b5 gxf4
54. gxf4 Kh8 55. bxc6 Qxc6 56. Qc3 Qd7 57. Bf1 Qe7 58. Bg2 Qg7 59. Qg3 Qxg3+
60. Rxg3 Rxg3 61. Kxg3 Kg7 62. Kf2 Kf8 63. Ke3 Ke7 64. Kd2 Kd7 65. Kc3 Kc6 66.
Kb4 Kb6 67. Bf3 Kc6 68. Bh5 Kb6 69. Be8 Kc7 70. Kc5 Bg8 71. Ba4 Be6 72. Bb3 b6+
73. Kb4 Kc6 74. Ba4+ Kc7 75. Kc3 Kc8 76. Kd2 Kd8 77. Ke3 Ke7 78. Bc6 Kd8 79.
Kf3 Ke7 80. Kg3 Kf7 81. Kh4 Kg6 82. Kg3 Kf7 83. Kh4 1/2-1/2

[Event "4. Copenhagen Open Politiken Cup"]
[Site "Brndby"]
[Date "1982.??.??"]
[Round "3"]
[White "King, Daniel J"]
[Black "Hoi, Carsten"]
[Result "1/2-1/2"]
[WhiteElo "2365"]
[BlackElo "2425"]
[PlyCount "104"]
[EventDate "1982.??.??"]
[EventType "swiss"]
[EventRounds "10"]
[EventCountry "DEN"]
[SourceDate "2004.01.01"]

1. Nf3 d6 2. d4 g6 3. e4 Bg7 4. Nc3 Nf6 5. h3 O-O 6. Be3 Nc6 7. d5 Ne5 8. Be2
Nxf3+ 9. Bxf3 Bd7 10. a4 c6 11. a5 Qc7 12. O-O b6 13. Re1 bxa5 14. dxc6 Bxc6
15. Nd5 Bxd5 16. exd5 Nd7 17. c3 Rab8 18. Qc2 Rb5 19. Red1 Rfb8 20. Bc1 Nc5 21.
Ra2 Nd7 22. Be2 Rb3 23. Qe4 Nc5 24. Qc4 R3b7 25. Re1 Bf6 26. Bd1 Qd7 27. Rxa5
Qf5 28. Rf1 Qb1 29. Ba4 Qa1 30. Rb5 Rxb5 31. Bxb5 a6 32. Bc6 Nb3 33. Be3 Qxb2
34. Qxa6 Qxc3 35. Qa7 Rf8 36. Bh6 Bg7 37. Bxg7 Kxg7 38. Qxe7 Qf6 39. Qb7 Nc5
40. Qc7 Qe5 41. Qb6 h5 42. Rb1 h4 43. Qb2 Qxb2 44. Rxb2 f5 45. g3 hxg3 46. fxg3
Kf6 47. h4 Ke5 48. Kg2 f4 49. gxf4+ Rxf4 50. Kh3 Rf3+ 51. Kg4 Rf6 52. Rb8 Rf4+
1/2-1/2

[Event "4. Copenhagen Open Politiken Cup"]
[Site "Brndby"]
[Date "1982.??.??"]
[Round "3"]
[White "Kopec, Danny"]
[Black "Hjartarson, Johann"]
[Result "1/2-1/2"]
[WhiteElo "2375"]
[BlackElo "2425"]
[PlyCount "149"]
[EventDate "1982.??.??"]
[EventType "swiss"]
[EventRounds "10"]
[EventCountry "DEN"]
[SourceDate "2004.01.01"]

1. e4 e5 2. Nf3 Nc6 3. Bb5 a6 4. Ba4 Nf6 5. d3 d6 6. c3 Bd7 7. O-O g6 8. Bb3
Bg7 9. Nbd2 O-O 10. Re1 h6 11. Nf1 Nh7 12. Ng3 Kh8 13. h3 h5 14. d4 Qe7 15. Be3
Rae8 16. Bd5 a5 17. Qd2 h4 18. Nf1 f5 19. dxe5 dxe5 20. Bg5 Nxg5 21. Qxg5 Qxg5
22. Nxg5 Bf6 23. Nf3 Nd8 24. Rad1 Bc8 25. Bb3 fxe4 26. N3d2 Ne6 27. Nxe4 Nf4
28. Ne3 Kg7 29. Nd5 Nxd5 30. Rxd5 b6 31. Nxf6 Kxf6 32. Rd3 Rd8 33. Rf3+ Bf5 34.
Re4 Rh8 35. Re2 Rd6 36. Rfe3 Bd3 37. Re1 Re8 38. Rf3+ Bf5 39. g4 hxg3 40. fxg3
Rd3 41. Rxd3 Bxd3 42. Kf2 g5 43. Ke3 Bg6 44. Rf1+ Ke7 45. Bd5 Rh8 46. Rh1 Kf6
47. h4 gxh4 48. gxh4 Rd8 49. Bc4 Rh8 50. Be2 Bh5 51. Rf1+ Ke7 52. Bxh5 Rxh5 53.
Rh1 Kf6 54. Ke4 c6 55. Rh2 Ke6 56. Rh3 Kf6 57. Rh2 Ke6 58. Kf3 Kf5 59. Kg3 e4
60. Rf2+ Kg6 61. Kg4 a4 62. a3 e3 63. Re2 Rb5 64. Rxe3 Rxb2 65. Re6+ Kf7 66.
Rxc6 Rb3 67. Kf5 Rxa3 68. Rc7+ Kg8 69. Kg6 Kf8 70. h5 Ra1 71. h6 Rg1+ 72. Kf5
Kg8 73. Ra7 Rc1 74. h7+ Kh8 75. Kg6 1/2-1/2

[Event "4. Copenhagen Open Politiken Cup"]
[Site "Brndby"]
[Date "1982.??.??"]
[Round "3"]
[White "Schneider, Lars Ake"]
[Black "Pliester, Leon"]
[Result "0-1"]
[WhiteElo "2435"]
[BlackElo "2315"]
[PlyCount "64"]
[EventDate "1982.??.??"]
[EventType "swiss"]
[EventRounds "10"]
[EventCountry "DEN"]
[SourceDate "2004.01.01"]

1. e4 e5 2. Nf3 Nc6 3. Bb5 a6 4. Ba4 Nf6 5. O-O Nxe4 6. d4 b5 7. Bb3 d5 8. dxe5
Be6 9. Qe2 Be7 10. c4 bxc4 11. Ba4 Bd7 12. e6 fxe6 13. Bxc6 Bxc6 14. Ne5 Bb7
15. Qh5+ g6 16. Nxg6 hxg6 17. Qxh8+ Kd7 18. Qh6 Qh8 19. Qxg6 d4 20. f3 Rg8 21.
Qh6 d3 22. fxe4 Qd4+ 23. Qe3 Bc5 24. Rf7+ Ke8 25. Rf2 Qe5 26. Qe1 Bxf2+ 27.
Kxf2 Bxe4 28. g3 Rf8+ 29. Kg1 Rf3 30. Be3 Bc6 31. Bf2 Qd5 32. Nc3 Rxg3+ 0-1

[Event "4. Copenhagen Open Politiken Cup"]
[Site "Brndby"]
[Date "1982.??.??"]
[Round "3"]
[White "Spassov, Liuben"]
[Black "Van Mil, Johan"]
[Result "1-0"]
[WhiteElo "2410"]
[BlackElo "2315"]
[PlyCount "81"]
[EventDate "1982.??.??"]
[EventType "swiss"]
[EventRounds "10"]
[EventCountry "DEN"]
[SourceDate "2004.01.01"]

1. Nf3 d5 2. d4 Nf6 3. c4 g6 4. cxd5 Nxd5 5. e4 Nb6 6. h3 Bg7 7. Nc3 O-O 8. Be2
c6 9. O-O a5 10. Bg5 Be6 11. Qd2 a4 12. Rad1 Qd6 13. Bh6 Qb4 14. a3 Qa5 15.
Bxg7 Kxg7 16. d5 cxd5 17. exd5 Rd8 18. Ng5 Bxd5 19. Qf4 f6 20. Ne6+ Bxe6 21.
Rxd8 N6d7 22. Rc8 Ne5 23. Re8 Qc7 24. Rd1 Bf7 25. Red8 Ra5 26. Nb5 Qc2 27. Nd4
Qc7 28. Qd2 Nbd7 29. Rc8 Qb6 30. Qb4 Qxb4 31. axb4 Rd5 32. Nf3 Rxd1+ 33. Bxd1
Nd3 34. Bxa4 Nb6 35. Rc3 Nxb4 36. Bb3 N4d5 37. Rc5 e6 38. Nd4 Kf8 39. Rb5 Be8
40. Nxe6+ Ke7 41. Rxd5 1-0

[Event "4. Copenhagen Open Politiken Cup"]
[Site "Brndby"]
[Date "1982.??.??"]
[Round "3"]
[White "Sorensen, Henrik"]
[Black "Hansen, Curt"]
[Result "0-1"]
[WhiteElo "2235"]
[BlackElo "2335"]
[PlyCount "60"]
[EventDate "1982.??.??"]
[EventType "swiss"]
[EventRounds "10"]
[EventCountry "DEN"]
[SourceDate "2004.01.01"]

1. d4 Nf6 2. Nf3 e6 3. Bg5 h6 4. Bxf6 Qxf6 5. e4 Qd8 6. Bd3 d6 7. Nbd2 Nd7 8.
e5 c5 9. exd6 Bxd6 10. Ne4 Be7 11. O-O O-O 12. dxc5 Nxc5 13. Nxc5 Bxc5 14. Qe2
Qc7 15. Rfe1 b6 16. Qe4 g6 17. Ne5 Bb7 18. Qg4 Rad8 19. Bxg6 fxg6 20. Qxe6+ Kh8
21. Nxg6+ Kh7 22. Nxf8+ Rxf8 23. Re2 Qg7 24. Qh3 Rf3 25. g3 Qf7 26. b4 Rxf2 27.
bxc5 Rxe2 28. Rf1 Qd5 29. Qf5+ Qxf5 30. Rxf5 Kg6 0-1

[Event "4. Copenhagen Open Politiken Cup"]
[Site "Brndby"]
[Date "1982.??.??"]
[Round "3"]
[White "Thorsteins, Karl"]
[Black "Kaiszauri, Konstanty"]
[Result "1/2-1/2"]
[WhiteElo "2305"]
[BlackElo "2395"]
[PlyCount "93"]
[EventDate "1982.??.??"]
[EventType "swiss"]
[EventRounds "10"]
[EventCountry "DEN"]
[SourceDate "2004.01.01"]

1. d4 d6 2. c4 f5 3. Nf3 Nf6 4. g3 g6 5. Bg2 Bg7 6. O-O O-O 7. d5 c6 8. Nc3 e5
9. dxe6 Bxe6 10. Qd3 Na6 11. Bf4 d5 12. Ng5 Nc5 13. Qc2 d4 14. Na4 Nfd7 15. b4
h6 16. Nxe6 Nxe6 17. Bd6 Re8 18. b5 cxb5 19. cxb5 Nb6 20. Nxb6 Qxb6 21. Ba3
Rac8 22. Qb3 Rc3 23. Qa4 Nc7 24. Bb4 Qxb5 25. Qxb5 Nxb5 26. Bxc3 dxc3 27. Bxb7
c2 28. Rac1 Na3 29. e3 Rd8 30. Kg2 Bb2 31. Rce1 Rd2 32. Kf3 Kf8 33. h4 Ke7 34.
e4 Kf6 35. exf5 gxf5 36. Bc8 Nc4 37. Ba6 Ne5+ 38. Ke3 c1=Q 39. Rxc1 Bxc1 40.
Rxc1 Rxa2 41. Be2 Ra3+ 42. Kd2 Ra2+ 43. Ke3 Ra3+ 44. Kd2 a5 45. Rb1 Ra2+ 46.
Ke3 Ra3+ 47. Kd2 1/2-1/2

[Event "4. Copenhagen Open Politiken Cup"]
[Site "Brndby"]
[Date "1982.??.??"]
[Round "3"]
[White "Trepp, Markus"]
[Black "Wicker, Kevin J"]
[Result "0-1"]
[WhiteElo "2210"]
[BlackElo "2275"]
[PlyCount "80"]
[EventDate "1982.??.??"]
[EventType "swiss"]
[EventRounds "10"]
[EventCountry "DEN"]
[SourceDate "2004.01.01"]

1. e4 e6 2. d4 d5 3. Nd2 Ne7 4. Bd3 Nbc6 5. Ngf3 Ng6 6. O-O Be7 7. Re1 O-O 8.
c3 Re8 9. Nf1 dxe4 10. Bxe4 f5 11. Bc2 Kh8 12. Ng3 Bf6 13. b3 e5 14. Nxf5 Bxf5
15. Bxf5 exd4 16. Bxg6 Rxe1+ 17. Nxe1 hxg6 18. c4 Qd7 19. Nd3 Re8 20. Bf4 Re7
21. Qf3 Qe8 22. h4 a5 23. a3 Qf7 24. Rc1 Be5 25. Nxe5 Nxe5 26. Bxe5 Qxf3 27.
Bxg7+ Kxg7 28. gxf3 c5 29. b4 axb4 30. axb4 b6 31. bxc5 bxc5 32. Rb1 Kh6 33.
Rb8 Re1+ 34. Kg2 Rc1 35. f4 Rxc4 36. Kf3 Rc3+ 37. Ke4 d3 38. Rd8 c4 39. Ke3 Rc2
40. f5 gxf5 0-1

[Event "4. Copenhagen Open Politiken Cup"]
[Site "Brndby"]
[Date "1982.??.??"]
[Round "3"]
[White "Westerinen, Heikki"]
[Black "Horvath, Tamas"]
[Result "1/2-1/2"]
[WhiteElo "2440"]
[BlackElo "2400"]
[PlyCount "82"]
[EventDate "1982.??.??"]
[EventType "swiss"]
[EventRounds "10"]
[EventCountry "DEN"]
[SourceDate "2004.01.01"]

1. e4 c5 2. Nf3 e6 3. d4 cxd4 4. Nxd4 Nf6 5. Nc3 Nc6 6. Nxc6 bxc6 7. e5 Nd5 8.
Ne4 Qc7 9. f4 Qb6 10. c4 Ne3 11. Qd3 Nf5 12. Be2 Be7 13. b3 O-O 14. Bg4 Qd4 15.
Qxd4 Nxd4 16. Bd1 f6 17. Nd6 fxe5 18. fxe5 Nf5 19. Ba3 Nxd6 20. Bxd6 Bxd6 21.
exd6 c5 22. Bf3 Rb8 23. O-O-O Bb7 24. Bxb7 Rxb7 25. Rd2 a5 26. Kc2 a4 27. Re1
Ra8 28. Kb2 Ra6 29. Rxe6 dxe6 30. d7 Rxd7 31. Rxd7 axb3 32. axb3 Rc6 33. Kc3 h5
34. b4 cxb4+ 35. Kxb4 Rb6+ 36. Kc3 Rb1 37. Rd2 Kf7 38. c5 Ke7 39. Kc4 Rc1+ 40.
Kb5 e5 41. c6 e4 1/2-1/2

[Event "4. Copenhagen Open Politiken Cup"]
[Site "Brndby"]
[Date "1982.??.??"]
[Round "3"]
[White "Wiedenkeller, Michael"]
[Black "Kirov, Nino"]
[Result "1-0"]
[WhiteElo "2320"]
[BlackElo "2430"]
[PlyCount "83"]
[EventDate "1982.??.??"]
[EventType "swiss"]
[EventRounds "10"]
[EventCountry "DEN"]
[SourceDate "2004.01.01"]

1. e4 c5 2. Nc3 e6 3. g3 d5 4. exd5 exd5 5. d4 Nc6 6. Bg2 Nf6 7. Nge2 cxd4 8.
Nxd4 Bg4 9. Nde2 Bb4 10. h3 Bxc3+ 11. bxc3 Bh5 12. Rb1 O-O 13. O-O Qa5 14. g4
Bg6 15. Nf4 Qxa2 16. Rxb7 Bxc2 17. Qd2 Bb3 18. Bb2 Na5 19. Ra1 Qxa1+ 20. Bxa1
Nxb7 21. g5 Ne8 22. Qb2 Nc5 23. Qa3 Rc8 24. Bxd5 Bxd5 25. Nxd5 Kh8 26. c4 f6
27. Qxa7 fxg5 28. Qe7 Rg8 29. Qxg5 Ra8 30. Be5 Nd7 31. Bd4 Nef6 32. Kh2 Nxd5
33. cxd5 Nf6 34. Bxf6 gxf6 35. Qxf6+ Rg7 36. d6 Raa7 37. h4 Rad7 38. h5 Rdf7
39. d7 Rxd7 40. h6 Kg8 41. hxg7 Rxg7 42. Kh3 1-0

[Event "4. Copenhagen Open Politiken Cup"]
[Site "Brndby"]
[Date "1982.??.??"]
[Round "3"]
[White "Zieher, Hartmut"]
[Black "Kovacs, Laszlo"]
[Result "0-1"]
[WhiteElo "2260"]
[BlackElo "2340"]
[PlyCount "72"]
[EventDate "1982.??.??"]
[EventType "swiss"]
[EventRounds "10"]
[EventCountry "DEN"]
[SourceDate "2004.01.01"]

1. e4 e5 2. Nf3 Nc6 3. Bb5 a6 4. Ba4 Nf6 5. O-O Be7 6. Re1 b5 7. Bb3 O-O 8. c3
d6 9. h3 Nb8 10. d4 Nbd7 11. Nbd2 Bb7 12. Bc2 Re8 13. Nf1 Bf8 14. Ng3 g6 15. a4
c5 16. d5 c4 17. Bg5 h6 18. Be3 Nc5 19. Rf1 Rb8 20. Qd2 Kh7 21. Nh2 Bc8 22. f4
bxa4 23. Bxc5 dxc5 24. fxe5 Rxe5 25. Qf4 Nd7 26. Qxf7+ Bg7 27. Ng4 Rxb2 28.
Nxe5 Nxe5 29. Qf2 Qg5 30. Nh1 Nd3 31. Qe2 Bxh3 32. e5 Bxg2 33. Qxg2 Rxc2 34.
Rf8 Re2 35. Rb8 Qd2 36. Qg5 Nf2 0-1

[Event "4. Copenhagen Open Politiken Cup"]
[Site "Brndby"]
[Date "1982.??.??"]
[Round "3"]
[White "Akesson, Ralf"]
[Black "Wedberg, Tom"]
[Result "1/2-1/2"]
[WhiteElo "2405"]
[BlackElo "2435"]
[PlyCount "30"]
[EventDate "1982.??.??"]
[EventType "swiss"]
[EventRounds "10"]
[EventCountry "DEN"]
[SourceDate "2004.01.01"]

1. d4 Nf6 2. Nf3 e6 3. c4 c5 4. e3 d5 5. Nc3 Nc6 6. cxd5 exd5 7. Be2 Be7 8. O-O
O-O 9. b3 Ne4 10. Bb2 Bf6 11. Rc1 cxd4 12. Nxe4 dxe4 13. Nxd4 Bd7 14. Nxc6 Bxc6
15. Qxd8 Bxd8 1/2-1/2